01064nam a2200265 a 450000100060000000300080000600500170001400800410003102000130007203500190008504000320010404100080013608200210014424500860016526001370025130000270038850000530041550000200046850400320048865000550052070000350057594200120061099900170062295201590063948677BD-RjUL20211209054551.0160816s1977 ii b s001 0 eng  cRs100.00 a(BD-RjUL)48796 aDLCcDLCdDLCdBD-RjULbeng aeng00a378.54bDEV 197700aDevelopment of university education, 1916-1920 /cedited by Suresh Chandra Ghosh. aNew Delhi :bZakir Husain Centre for Educational Studies, Jawaharlal Nehru University : [distributed by Sterling Publishers],c1977. axxxv, 394 p. ;c24 cm. aDistributor statement from label mounted on t.p. aIncludes index. aBibliography: p. [367]-370. 0aUniversities and collegeszIndiaxHistory.91469471 aGhosh, Suresh Chandra.9146948 2ddccBK c48677d48677 00102ddc40708NFICaRUCLbRUCLcStackd1979-03-17eIndian International, Calcuta g100.00l0o378.54 DEV 1977r2016-08-16 00:00:00tC-2w2016-08-16yBK